Score 0/40 Timer 04:00
0 Plays Today
Movie Missing Word % Correct
_____ KongKing
99%
_____ and DumberDumb
98.4%
Saving _____ RyanPrivate
98.1%
_____ With the Wind Gone
98.1%
_____ GumpForrest
97.2%
There's _____ About MarySomething
96.7%
_____ HarborPearl
96.5%
Independence _____Day
96.2%
_____ ScissorhandsEdward
96.2%
Men in _____Black
95.4%
Friday _____ LightsNight
95%
Legally _____Blonde
95%
Lean _____ MeOn
94.8%
The Blair _____ Project Witch
94.8%
Pretty _____Woman
94.8%
_____ & Demons Angels
93.6%
Good _____ Hunting Will
93.2%
War of the _____Worlds
91.6%
The _____ Identity Bourne
91.5%
Air _____ One Force
90.9%
Movie Missing Word % Correct
Finding ____Nemo
90.6%
_____ Willy Free
90.6%
The _____ Mile Green
89.9%
Home _____Alone
87.8%
_____ Gilmore Happy
87.6%
The _____ LockerHurt
85.6%
The Italian _____Job
83%
Better _____ DeadOff
80.9%
________ the LineWalk
80.8%
Remember the ________Titans
79.7%
Failure to _____Launch
78.4%
A Beautiful _____Mind
78%
_____ & ScreamingKicking
76.9%
_____ InstinctBasic
73.2%
_____ FridayFreaky
72.4%
Steel ________Magnolias
70.8%
3:10 to _____Yuma
70.5%
_____ On FireMan
62.9%
Children of _____Men
47.3%
_____ ParkJurassic
35.7%

Today's Daily Dose

You're not logged in!

Compare scores with friends on all Sporcle quizzes.
OR
Log In

Sporcle TV

Today on Sporcle TV


Watch our educational content, quiz creation guides, and fun videos on Sporcle TV.

Show Comments

Extras

Top Quizzes Today


Score Distribution

Paid Content

Your Account Isn't Verified!

In order to create a playlist on Sporcle, you need to verify the email address you used during registration. Go to your Sporcle Settings to finish the process.

Report this User

Report this user for behavior that violates our Community Guidelines.

Details: